| 000 | 00411nam a22001577a 4500 | ||
|---|---|---|---|
| 005 | 20160613112507.0 | ||
| 008 | 160613b xxu||||| |||| 00| 0 eng d | ||
| 020 | _a81-219-2573-8 | ||
| 041 | _aeng | ||
| 082 | _b7152 | ||
| 100 |
_aKhurmi RS & Gupta, J.K. _9870 |
||
| 245 | _aA text book of thermal engineering | ||
| 260 |
_aNew Delhi _bSultan Chand & Sons, |
||
| 650 |
_aDIPLOMA ENGINEERING _9817 |
||
| 942 | _cBK | ||
| 999 |
_c2479 _d2478 |
||